[Event "SR 1. liga zapad 2013/2014"]
[Site "?"]
[Date "2014.03.22"]
[Round "60.6"]
[White "Capak, Stefan"]
[Black "Oprea, Erik"]
[Result "1-0"]
[WhiteElo "2040"]
[BlackElo "2130"]
[Annotator "rastík"]
[PlyCount "173"]
[EventDate "2013.??.??"]
[WhiteTeam "SKS Povazska Bystrica"]
[BlackTeam "SK Strelec Devinska Nova Ves"]

1. d4 d6 2. g3 c6 3. Bg2 Nd7 4. c4 e5 5. Nc3 Ngf6 6. Nf3 Qc7 7. O-O Be7 8. b3
O-O 9. Bb2 Re8 10. Qc2 b6 11. Rac1 Bb7 12. Rfd1 Rac8 13. Qb1 Qb8 14. Rd2 e4 15.
Ng5 d5 16. f4 Ng4 17. Nh3 Ndf6 18. Nd1 Bb4 19. Bc3 e3 20. Rdc2 a5 21. Ng5 c5
22. Bxb4 axb4 23. dxc5 d4 24. c6 Bxc6 25. Bd5 Bxd5 26. cxd5 h6 27. Nf3 Nxd5 28.
Rxc8 Rxc8 29. Rxc8+ Qxc8 30. Nxd4 Nc3 31. Qd3 Nxd1 32. Qxd1 Qc3 33. Nf3 Nf2 34.
Qb1 Qc6 35. Kg2 g6 36. h3 Qc8 37. Ng1 Qa8+ 38. Nf3 Qa6 39. Qc2 Qb5 40. Qc4 Qf5
41. Ng1 Ne4 42. Qd4 Nc3 43. Qxe3 Nxa2 44. Nf3 Qd5 45. Qd3 Qxd3 46. exd3 Nc1 47.
Nd2 Nxd3 48. Kf3 Kf8 49. Ke3 Nc1 50. Ke4 Ke7 51. g4 Ne2 52. h4 Ke6 53. Nf3 Nc3+
54. Kd3 Nd5 55. Nd4+ Kd6 56. Ke4 Nf6+ 57. Kf3 Kd5 58. Nc2 Kc5 59. g5 Ng8 60.
Ke4 Kd6 61. Nxb4 f5+ 62. Kd4 hxg5 63. hxg5 Ne7 64. Kc4 Nc8 65. Nd3 Ne7 66. Ne5
Ke6 67. Kb5 Kd6 68. Kc4 Ke6 69. b4 b5+ 70. Kc5 Nc8 71. Nxg6 Kf7 72. Ne5+ Ke6
73. Nc6 Nd6 74. Nd4+ Kd7 75. Nxb5 Ne4+ 76. Kd4 Nf2 77. Ke5 Nd3+ 78. Kxf5 Nxb4
79. Kg6 Ke7 80. f5 Kf8 81. Nd4 Nd3 82. f6 Nf4+ 83. Kf5 Nh5 84. Ne6+ Kg8 85. g6
Ng7+ 86. Nxg7 Kh8 87. Ne6 1-0

[Event "SR 1. liga zapad 2013/2014"]
[Site "?"]
[Date "2014.03.22"]
[Round "60.7"]
[White "Hricak, Vasil"]
[Black "Urbanic, Martin"]
[Result "1-0"]
[WhiteElo "2118"]
[BlackElo "1910"]
[Annotator "rastík"]
[PlyCount "73"]
[EventDate "2013.??.??"]
[WhiteTeam "SK Strelec Devinska Nova Ves"]
[BlackTeam "SKS Povazska Bystrica"]

1. e4 e5 2. Nf3 Nc6 3. d4 exd4 4. Bc4 Nf6 5. O-O d6 6. Nxd4 Nxd4 7. Qxd4 Be7 8.
Nc3 O-O 9. h3 a6 10. a4 c6 11. Bf4 Ne8 12. Rfd1 Be6 13. Be2 Qc7 14. Qe3 Rd8 15.
Qg3 Qc8 16. Rd2 Kh8 17. Rad1 f5 18. e5 d5 19. h4 Nc7 20. Bf3 b5 21. axb5 axb5
22. Ne2 Qb7 23. Bg5 Bxg5 24. hxg5 Bf7 25. Nf4 Ne6 26. Be2 Nxf4 27. Qxf4 Be6 28.
g3 Ra8 29. Qb4 Qc7 30. f4 Rfd8 31. Qc5 Ra7 32. Bf3 Rda8 33. Kg2 Ra2 34. Bxd5
Bxd5+ 35. Rxd5 Rxb2 36. Rd7 Qa5 37. Qc3 1-0

[Event "SR 1. liga zapad 2013/2014"]
[Site "?"]
[Date "2014.03.22"]
[Round "60.8"]
[White "Magerciak, Roman"]
[Black "Ochrana, Ladislav"]
[Result "0-1"]
[WhiteElo "1916"]
[BlackElo "2045"]
[Annotator "rastík"]
[PlyCount "116"]
[EventDate "2013.??.??"]
[WhiteTeam "SKS Povazska Bystrica"]
[BlackTeam "SK Strelec Devinska Nova Ves"]

1. d4 d5 2. c4 e6 3. Nc3 Nf6 4. Nf3 Be7 5. Bf4 O-O 6. e3 c5 7. dxc5 Bxc5 8. a3
Bd6 9. Bg5 Be7 10. cxd5 Nxd5 11. Nxd5 Bxg5 12. Nxg5 exd5 13. Qh5 Bf5 14. Be2 h6
15. Nf3 Bg6 16. Qg4 Qd7 17. Ne5 Qxg4 18. Bxg4 Kh7 19. Nxg6 Kxg6 20. O-O Nc6 21.
Rfd1 Rfd8 22. Bf3 Ne7 23. g3 Kf6 24. Rac1 Ke6 25. Bg4+ f5 26. Be2 Rac8 27. Bb5
Rd6 28. Rxc8 Nxc8 29. Rc1 Ne7 30. b4 Nc6 31. Kf1 d4 32. Bxc6 Rxc6 33. Rxc6+
bxc6 34. Ke2 Kd5 35. Kd3 dxe3 36. fxe3 g5 37. h3 Ke5 38. Ke2 Ke4 39. Kf2 h5 40.
Ke2 Ke5 41. Kd3 Kd5 42. Kd2 Kc4 43. Kc2 a6 44. Kd2 Kb3 45. Kd3 Kxa3 46. Kd4
Kxb4 47. Ke5 c5 48. Kxf5 c4 49. Kxg5 c3 50. Kxh5 c2 51. g4 c1=Q 52. h4 Qxe3 53.
g5 Qf3+ 54. Kh6 Qf8+ 55. Kh7 Qf7+ 56. Kh6 a5 57. g6 Qf4+ 58. Kh5 Qf6 0-1

[Event "SR 1. liga zapad 2013/2014"]
[Site "?"]
[Date "2014.03.23"]
[Round "61.1"]
[White "Schwarz, Dusan"]
[Black "Debnar, Lubos"]
[Result "1/2-1/2"]
[WhiteElo "2390"]
[BlackElo "2260"]
[PlyCount "97"]
[EventDate "2013.??.??"]
[WhiteTeam "SK Doprastav Bratislava B"]
[BlackTeam "NSK Nitra"]

1. e4 c6 2. d4 d5 3. exd5 cxd5 4. c4 Nf6 5. Nc3 e6 6. Nf3 Bb4 7. cxd5 Nxd5 8.
Qc2 Nc6 9. Be2 O-O 10. O-O Nxc3 11. bxc3 Be7 12. Bd3 h6 13. Qe2 Bd7 14. Qe4 f5
15. Qe2 Bf6 16. Rb1 Qc7 17. g3 e5 18. Nxe5 Nxe5 19. Bf4 Rae8 20. dxe5 Bxe5 21.
Bxe5 Rxe5 22. Bc4+ Kh8 23. Rxb7 Qc5 24. Qd3 Bc6 25. Rc7 Re4 26. Rxc6 Qxc6 27.
Bd5 Qa4 28. Bxe4 fxe4 29. Qd5 Qc2 30. Qb3 Qe2 31. c4 Rf3 32. Qb8+ Kh7 33. Qb1
Qxc4 34. Re1 Rd3 35. Qb7 Ra3 36. Rxe4 Qxa2 37. Re7 Qa1+ 38. Kg2 Qd4 39. Rd7 Qe5
40. Rd8 Ra4 41. Qc8 Qe4+ 42. Kh3 Ra5 43. Rh8+ Kg6 44. Qg4+ Qxg4+ 45. Kxg4 h5+
46. Kf3 Ra3+ 47. Ke2 Ra2+ 48. Ke3 Ra3+ 49. Ke2 1/2-1/2

[Event "SR 1. liga zapad 2013/2014"]
[Site "?"]
[Date "2014.03.23"]
[Round "61.2"]
[White "Gorusa, Miroslav"]
[Black "Varholakova, Niki"]
[Result "1/2-1/2"]
[WhiteElo "2146"]
[BlackElo "2151"]
[PlyCount "114"]
[EventDate "2013.??.??"]
[WhiteTeam "NSK Nitra"]
[BlackTeam "SK Doprastav Bratislava B"]

1. d4 d5 2. Nf3 Nf6 3. c4 c6 4. Nc3 e6 5. g3 Bb4 6. Qb3 Qa5 7. Bd2 Nbd7 8. a3
Bxc3 9. Bxc3 Qb6 10. Qc2 Ne4 11. Bg2 O-O 12. O-O Re8 13. e3 Qd8 14. Nd2 Nxc3
15. Qxc3 f5 16. b4 Nf6 17. f3 a5 18. e4 axb4 19. axb4 Rxa1 20. Rxa1 e5 21. dxe5
d4 22. Qb3 Rxe5 23. f4 d3 24. Qc3 Rxe4 25. Bxe4 fxe4 26. Qe5 Bg4 27. Kg2 Qd7
28. Re1 Bh3+ 29. Kg1 Bf5 30. c5 Ng4 31. Qd6 e3 32. Nc4 d2 33. Nxd2 exd2 34. Rd1
Qxd6 35. cxd6 Nf6 36. Rxd2 Bd7 37. Re2 Nd5 38. Re5 Kf7 39. b5 Kf6 40. Kf2 h6
41. bxc6 bxc6 42. h4 Bg4 43. Re4 Be6 44. Rc4 Bd7 45. Re4 Kg6 46. Re5 Kf6 47.
Kf3 Nb6 48. Re7 Be6 49. g4 g6 50. Kg3 Nd7 51. h5 Nc5 52. hxg6 Ne4+ 53. Kh4 Nxd6
54. Rc7 Bd5 55. g7 Ne8 56. g8=Q Bxg8 57. Rxc6+ Kg7 1/2-1/2

[Event "SR 1. liga zapad 2013/2014"]
[Site "?"]
[Date "2014.03.23"]
[Round "61.4"]
[White "Pales, Dusan"]
[Black "Danada, Tomas"]
[Result "0-1"]
[WhiteElo "2014"]
[BlackElo "2099"]
[PlyCount "120"]
[EventDate "2013.??.??"]
[WhiteTeam "NSK Nitra"]
[BlackTeam "SK Doprastav Bratislava B"]

1. e4 c5 2. c3 Nf6 3. e5 Nd5 4. d4 cxd4 5. Nf3 Nc6 6. cxd4 d6 7. Be2 dxe5 8.
dxe5 Ndb4 9. Qxd8+ Nxd8 10. Na3 Bf5 11. O-O Ndc6 12. Rd1 Nc2 13. Nxc2 Bxc2 14.
Re1 e6 15. Bd2 a6 16. Rac1 Be4 17. Bc3 Bd5 18. a3 Bc5 19. Bd3 h6 20. Nd2 O-O
21. Ne4 Be7 22. b4 Rfd8 23. Bb2 Rac8 24. Bb1 Kf8 25. Nc5 Nb8 26. Ne4 Rc6 27.
Rxc6 Bxc6 28. Rc1 Rd5 29. f4 Bd8 30. Kf1 Bb6 31. Ke2 Bb5+ 32. Kf3 Bc6 33. Ke2
Bb5+ 34. Kf3 Nc6 35. Nd6 Rd2 36. Rc2 Rd3+ 37. Kg4 f5+ 38. Kh5 Rd1 39. Nxb5 axb5
40. Ba2 Kf7 41. g4 g6+ 42. Kxh6 Rd8 43. gxf5 Rh8+ 44. Kg5 gxf5 45. Bxe6+ Kxe6
46. Rd2 Bc7 47. h4 Rg8+ 48. Kh6 Rh8+ 49. Kg5 Bd8+ 50. Kg6 Be7 51. h5 Bf8 52.
Bc3 Ne7+ 53. Kg5 Bh6+ 54. Kh4 Ng6+ 55. Kh3 Nxf4+ 56. Kh2 Nd5 57. Rd3 Bf4+ 58.
Kg2 Rxh5 59. Bd4 Bxe5 60. Bxe5 Kxe5 0-1

[Event "SR 1. liga zapad 2013/2014"]
[Site "?"]
[Date "2014.03.23"]
[Round "61.5"]
[White "Karas, Marek"]
[Black "Dlhy, Jozef"]
[Result "1-0"]
[WhiteElo "2037"]
[BlackElo "2057"]
[PlyCount "131"]
[EventDate "2013.??.??"]
[WhiteTeam "SK Doprastav Bratislava B"]
[BlackTeam "NSK Nitra"]

1. d4 Nf6 2. c4 c6 3. Nf3 d5 4. e3 Bf5 5. Nc3 e6 6. cxd5 exd5 7. Ne5 Nbd7 8.
Nxd7 Qxd7 9. Bd3 Bd6 10. f3 O-O 11. O-O Bxd3 12. Qxd3 c5 13. dxc5 Bxc5 14. Nb5
Rfe8 15. Nd4 Rad8 16. Bd2 Bd6 17. Rac1 a6 18. Rfe1 Be5 19. Bb4 g6 20. Rc2 Rc8
21. Bc3 Qd6 22. f4 Bxd4 23. Qxd4 Re6 24. Bb4 Qd8 25. Rxc8 Qxc8 26. Bc3 Rc6 27.
Rd1 h5 28. h3 Qe6 29. Qe5 Kh7 30. Qxe6 Rxe6 31. Bxf6 Rxf6 32. Rxd5 Kg7 33. Rd7
Rb6 34. b3 Kf6 35. Kf2 Ke6 36. Rc7 f5 37. Ke2 a5 38. Kd3 Kd5 39. Kc3 Re6 40.
Rxb7 Rxe3+ 41. Kd2 Rg3 42. Rb5+ Ke4 43. Rxa5 Rxg2+ 44. Kc3 Kxf4 45. b4 Ke4 46.
b5 Kd5 47. a4 g5 48. b6+ Kc6 49. Rb5 Kb7 50. a5 Ra2 51. Rxf5 g4 52. hxg4 hxg4
53. Rf7+ Kb8 54. Kb4 Rb2+ 55. Kc5 g3 56. Rg7 g2 57. Kc6 Rc2+ 58. Kb5 Kc8 59.
Ka6 Kb8 60. Rg8+ Rc8 61. Rxg2 Rh8 62. Rc2 Rg8 63. Kb5 Rh8 64. a6 Rg8 65. a7+
Kb7 66. Rc7+ 1-0

[Event "SR 1. liga zapad 2013/2014"]
[Site "?"]
[Date "2014.03.23"]
[Round "61.6"]
[White "Valovic, Stefan"]
[Black "Polacik, Igor"]
[Result "0-1"]
[WhiteElo "1987"]
[BlackElo "2168"]
[PlyCount "48"]
[EventDate "2013.??.??"]
[WhiteTeam "NSK Nitra"]
[BlackTeam "SK Doprastav Bratislava B"]

1. d4 Nf6 2. e3 g6 3. Bd3 Bg7 4. f4 d6 5. Nf3 O-O 6. Nbd2 Nc6 7. c3 e5 8. O-O
Qe7 9. Qc2 Re8 10. Ng5 Ng4 11. Nde4 d5 12. Ng3 h6 13. Nh3 exf4 14. exf4 f5 15.
Nf2 Nf6 16. Bd2 Be6 17. Bb5 Ne4 18. Qd3 Qd6 19. Ne2 a6 20. Bxc6 Qxc6 21. Nd1
Qb6 22. Kh1 Bd7 23. a4 Qb3 24. Ra3 Qxd1 0-1

[Event "SR 1. liga zapad 2013/2014"]
[Site "?"]
[Date "2014.03.23"]
[Round "61.7"]
[White "Krajnak, Robert"]
[Black "Pereszlenyi, Gejza"]
[Result "1-0"]
[WhiteElo "2045"]
[BlackElo "2000"]
[PlyCount "81"]
[EventDate "2013.??.??"]
[WhiteTeam "SK Doprastav Bratislava B"]
[BlackTeam "NSK Nitra"]

1. c4 e5 2. Nc3 Nc6 3. g3 g6 4. Bg2 Bg7 5. Rb1 a5 6. a3 Nge7 7. b4 axb4 8. axb4
O-O 9. e3 Nf5 10. Nge2 d6 11. d3 h5 12. O-O Be6 13. Bd2 Qd7 14. Qc2 Rfb8 15.
Rfe1 Nh6 16. Nd5 Bh3 17. Bh1 Ne7 18. Nec3 Nhf5 19. b5 Kh8 20. Ne4 Ng8 21. Ng5
Nfh6 22. Nxc7 Qxc7 23. Nxh3 Bf6 24. Bd5 Nf5 25. c5 Rc8 26. c6 b6 27. Ra1 Rxa1
28. Rxa1 Ngh6 29. Ra6 Ne7 30. Bb3 d5 31. Qa2 Nhf5 32. Bb4 Qd8 33. Ra3 d4 34. e4
Nh6 35. Bxf7 Ng4 36. Qe6 Ra8 37. Bxe7 Bxe7 38. Rxa8 Qxa8 39. Qxe7 Qa1+ 40. Kg2
Ne3+ 41. fxe3 1-0

[Event "SR 1. liga zapad 2013/2014"]
[Site "?"]
[Date "2014.03.23"]
[Round "62.1"]
[White "Zetocha, Claudiu"]
[Black "Dobrotka, Martin"]
[Result "1-0"]
[WhiteElo "2363"]
[BlackElo "2218"]
[PlyCount "77"]
[EventDate "2013.??.??"]
[WhiteTeam "SK Slovan Bratislava C"]
[BlackTeam "SK Prievidza"]

1. e4 e6 2. d3 d5 3. Nd2 Nf6 4. g3 Be7 5. Bg2 dxe4 6. dxe4 e5 7. Ngf3 Nc6 8.
O-O Bg4 9. c3 O-O 10. Qc2 Re8 11. b4 b5 12. a4 a6 13. Re1 Qc8 14. Bf1 Rb8 15.
Nh4 g6 16. Nb3 Bh3 17. Be2 Bg4 18. f3 Be6 19. Be3 Nd7 20. axb5 axb5 21. Ng2 Qb7
22. Nd2 Ra8 23. Qd3 Reb8 24. f4 f6 25. Rxa8 Qxa8 26. f5 Bf7 27. fxg6 Be6 28.
gxh7+ Kxh7 29. Nh4 Nb6 30. Bxb6 Rxb6 31. Qf3 Qe8 32. Nf5 Bf8 33. Ne3 Qf7 34.
Nd5 Bxd5 35. exd5 Ne7 36. Ne4 Kg8 37. d6 Rxd6 38. Nxd6 cxd6 39. Bxb5 1-0

[Event "SR 1. liga zapad 2013/2014"]
[Site "?"]
[Date "2014.03.23"]
[Round "62.2"]
[White "Gazik, Viktor"]
[Black "Ruckschloss, Karol"]
[Result "0-1"]
[WhiteElo "2166"]
[BlackElo "2244"]
[PlyCount "66"]
[EventDate "2013.??.??"]
[WhiteTeam "SK Prievidza"]
[BlackTeam "SK Slovan Bratislava C"]

1. e4 d6 2. d4 Nf6 3. Nc3 g6 4. Be3 c6 5. f3 b5 6. Qd2 a5 7. a4 b4 8. Nce2 h5
9. h4 Ba6 10. Nh3 Nbd7 11. Ng5 Qc7 12. g3 c5 13. Rc1 cxd4 14. Nxd4 Bxf1 15.
Kxf1 Bg7 16. Nb5 Qb7 17. c3 bxc3 18. Rxc3 O-O 19. Rc7 Qa6 20. Kg2 Rac8 21. Ra7
Qc6 22. Rxa5 Qc4 23. Ra7 Qb3 24. Nd4 Qb8 25. Nb5 Ne5 26. b3 Nc6 27. Ra6 Nd7 28.
Rc1 Qb7 29. Raxc6 Rxc6 30. Qd5 Nb8 31. a5 Qa6 32. Rxc6 Nxc6 33. Nc3 Bxc3 0-1

[Event "SR 1. liga zapad 2013/2014"]
[Site "?"]
[Date "2014.03.23"]
[Round "62.3"]
[White "Castiglione, Mario"]
[Black "Kaniansky, Miroslav"]
[Result "1/2-1/2"]
[WhiteElo "2240"]
[BlackElo "2203"]
[PlyCount "29"]
[EventDate "2013.??.??"]
[WhiteTeam "SK Slovan Bratislava C"]
[BlackTeam "SK Prievidza"]

1. e4 e5 2. Nf3 Nc6 3. d4 exd4 4. Nxd4 Nf6 5. Nxc6 bxc6 6. Bd3 Bb4+ 7. c3 Be7
8. O-O O-O 9. Qc2 g6 10. h3 d5 11. Nd2 Re8 12. Re1 Bd6 13. Rd1 Qe7 14. exd5
cxd5 15. Nf3 1/2-1/2

[Event "SR 1. liga zapad 2013/2014"]
[Site "?"]
[Date "2014.03.23"]
[Round "62.4"]
[White "Lakatos, Vladimir"]
[Black "Kovac, Andrej"]
[Result "1/2-1/2"]
[WhiteElo "2158"]
[BlackElo "2171"]
[PlyCount "45"]
[EventDate "2013.??.??"]
[WhiteTeam "SK Prievidza"]
[BlackTeam "SK Slovan Bratislava C"]

1. c4 e5 2. Nc3 Nc6 3. g3 d6 4. Bg2 Be6 5. d3 Qd7 6. a3 g6 7. e4 Bg7 8. Be3 Nf6
9. f3 Ne7 10. Qd2 h6 11. Nd5 Nh5 12. g4 Bxd5 13. cxd5 Nf4 14. Bf1 c6 15. dxc6
bxc6 16. d4 Qc7 17. dxe5 dxe5 18. Qc3 O-O 19. O-O-O Rfd8 20. Bc4 Rxd1+ 21. Kxd1
Rd8+ 22. Kc2 Nc8 23. Ne2 1/2-1/2

[Event "SR 1. liga zapad 2013/2014"]
[Site "?"]
[Date "2014.03.23"]
[Round "62.5"]
[White "Hacik, Radomir"]
[Black "Pinter, Patrik"]
[Result "1-0"]
[WhiteElo "2209"]
[BlackElo "2162"]
[PlyCount "65"]
[EventDate "2013.??.??"]
[WhiteTeam "SK Slovan Bratislava C"]
[BlackTeam "SK Prievidza"]

1. e4 d6 2. d4 Nf6 3. Nc3 g6 4. f4 Bg7 5. Nf3 O-O 6. Bd3 Nc6 7. e5 dxe5 8. fxe5
Nd5 9. Nxd5 Qxd5 10. c3 f6 11. Qe2 Qd8 12. Be4 fxe5 13. d5 Nb8 14. Bg5 Qd6 15.
Nd2 c6 16. Nc4 Qc7 17. O-O-O Na6 18. dxc6 bxc6 19. Ne3 Bb7 20. Qc4+ Kh8 21. h4
Bf6 22. Bh6 Bg7 23. Bg5 Bf6 24. Ng4 Rad8 25. Rxd8 Qxd8 26. Bh6 Bg7 27. h5 Bxh6+
28. Nxh6 Kg7 29. hxg6 hxg6 30. Bxg6 Bc8 31. Bf5 Rxf5 32. Qg4+ Kf6 33. Nxf5 1-0

[Event "SR 1. liga zapad 2013/2014"]
[Site "?"]
[Date "2014.03.23"]
[Round "62.6"]
[White "Hanko, Pavol"]
[Black "Dolnak, Michal"]
[Result "0-1"]
[WhiteElo "2141"]
[BlackElo "2164"]
[PlyCount "112"]
[EventDate "2013.??.??"]
[WhiteTeam "SK Prievidza"]
[BlackTeam "SK Slovan Bratislava C"]

1. d4 Nf6 2. Nf3 e6 3. c4 b6 4. g3 Bb7 5. Bg2 Be7 6. Nc3 Ne4 7. Qc2 Nxc3 8.
Qxc3 O-O 9. O-O d6 10. Re1 c5 11. e4 Nc6 12. Be3 Bf6 13. Rad1 Qc8 14. Qc1 e5
15. dxe5 dxe5 16. Bg5 Bxg5 17. Qxg5 f6 18. Qh5 Qe8 19. Qh4 Qf7 20. b3 Rad8 21.
g4 Nb4 22. g5 Nd3 23. Re3 Nf4 24. Rxd8 Rxd8 25. Bf1 Qe7 26. Qg3 Bc8 27. gxf6
Qxf6 28. Qg5 Qxg5+ 29. Nxg5 Rd1 30. Nf3 Bg4 31. Ne1 Be2 32. Bxe2 Rxe1+ 33. Bf1
Rd1 34. a3 Rb1 35. f3 Rb2 36. b4 Kf8 37. bxc5 bxc5 38. Re1 Ke7 39. Rd1 h5 40.
a4 a5 41. h4 g6 42. Ra1 Kd6 43. Rd1+ Kc7 44. Ra1 Ne6 45. Bg2 Nd4 46. Kh2 Nxf3+
47. Kg3 Nd4 48. Ra3 Ne2+ 49. Kf3 Nf4 50. Bf1 Kd6 51. Kg3 Ke7 52. Ra1 Ne6 53.
Bh3 Rb3+ 54. Kh2 Nd4 55. Bc8 Nf3+ 56. Kh1 Rb2 0-1

[Event "SR 1. liga zapad 2013/2014"]
[Site "?"]
[Date "2014.03.23"]
[Round "62.7"]
[White "Sulek, Viliam"]
[Black "Gazikova, Veronika"]
[Result "1-0"]
[WhiteElo "2052"]
[BlackElo "2093"]
[PlyCount "59"]
[EventDate "2013.??.??"]
[WhiteTeam "SK Slovan Bratislava C"]
[BlackTeam "SK Prievidza"]

1. e4 Nf6 2. e5 Nd5 3. d4 d6 4. c4 Nb6 5. exd6 exd6 6. Nf3 Nc6 7. Be2 Be7 8.
O-O Bg4 9. b3 Bf6 10. Be3 O-O 11. Nc3 h6 12. Qd2 d5 13. c5 Nc8 14. h3 Bh5 15.
Rad1 N8e7 16. Nh2 Bxe2 17. Nxe2 Nf5 18. Ng4 Re8 19. Nxf6+ Qxf6 20. Ng3 Nxg3 21.
fxg3 Qe6 22. Rf3 Qd7 23. Rdf1 Re7 24. Bxh6 gxh6 25. Qxh6 Qe6 26. Qh4 Rae8 27.
Rf6 Qe3+ 28. Kh2 Re4 29. Qh5 R4e7 30. R1f4 1-0

[Event "SR 1. liga zapad 2013/2014"]
[Site "?"]
[Date "2014.03.23"]
[Round "62.8"]
[White "Gunis, Juraj"]
[Black "Sturc, Gustav"]
[Result "1/2-1/2"]
[WhiteElo "2088"]
[BlackElo "2011"]
[PlyCount "24"]
[EventDate "2013.??.??"]
[WhiteTeam "SK Prievidza"]
[BlackTeam "SK Slovan Bratislava C"]

1. e4 e5 2. Nf3 Nc6 3. Bc4 Bc5 4. c3 Nf6 5. d4 exd4 6. cxd4 Bb4+ 7. Bd2 Bxd2+
8. Nbxd2 d6 9. O-O O-O 10. h3 d5 11. exd5 Nxd5 12. Ne4 Bf5 1/2-1/2

[Event "SR 1. liga zapad 2013/2014"]
[Site "?"]
[Date "2014.03.23"]
[Round "63.1"]
[White "Likavsky, Tomas"]
[Black "Zatko, Gregor"]
[Result "1-0"]
[WhiteElo "2453"]
[BlackElo "2188"]
[PlyCount "87"]
[EventDate "2013.??.??"]
[WhiteTeam "Lokomotiva Trnava"]
[BlackTeam "SK Levice"]

1. d4 Nf6 2. c4 e6 3. g3 c5 4. Nf3 cxd4 5. Nxd4 Nc6 6. Bg2 Bb4+ 7. Bd2 Be7 8.
Bc3 O-O 9. O-O Qc7 10. Nd2 b6 11. e4 Bb7 12. Qe2 Nxd4 13. Bxd4 Rac8 14. Rad1
Ne8 15. b3 Bf6 16. e5 Bxg2 17. Kxg2 Be7 18. Ne4 f5 19. exf6 Nxf6 20. Nc3 a6 21.
Kg1 Rf7 22. Rd3 Bc5 23. Be5 Qb7 24. a4 Rcf8 25. Bd6 Bxd6 26. Rxd6 Ne8 27. Rd3
Nf6 28. Rfd1 h5 29. h3 h4 30. R1d2 hxg3 31. fxg3 Qc7 32. Qe3 Nh5 33. Ne4 Qe5
34. Qd4 Rf1+ 35. Kg2 Qf5 36. Nf2 Re1 37. Re3 Qb1 38. Rxe1 Qxe1 39. Qxd7 Nxg3
40. Kxg3 Qg1+ 41. Kh4 Rf4+ 42. Ng4 Qe1+ 43. Kg5 Rf5+ 44. Kg6 1-0

[Event "SR 1. liga zapad 2013/2014"]
[Site "?"]
[Date "2014.03.23"]
[Round "63.2"]
[White "Kalisky, Vladimir"]
[Black "Banas, Jan"]
[Result "1/2-1/2"]
[WhiteElo "2186"]
[BlackElo "2293"]
[PlyCount "103"]
[EventDate "2013.??.??"]
[WhiteTeam "SK Levice"]
[BlackTeam "Lokomotiva Trnava"]

1. Nf3 Nf6 2. g3 g6 3. Bg2 Bg7 4. O-O O-O 5. d4 d5 6. c4 dxc4 7. Na3 Nc6 8.
Nxc4 Be6 9. b3 Bd5 10. Bb2 a5 11. Rc1 a4 12. bxa4 Ra6 13. e3 Qa8 14. Nce5 Rxa4
15. Nxc6 Bxc6 16. a3 e6 17. Re1 Rc8 18. Bh3 Ne4 19. Bg2 Nd6 20. Nd2 Bxg2 21.
Kxg2 Nb5 22. Nc4 Rd8 23. Qf3 b6 24. Qxa8 Rdxa8 25. Red1 R4a7 26. Rd3 Bf8 27.
Rb3 Nd6 28. g4 Nxc4 29. Rxc4 Be7 30. h3 Kf8 31. Bc3 Ke8 32. Bb4 c5 33. Bc3 Ra6
34. a4 Rxa4 35. Rxa4 Rxa4 36. Rxb6 c4 37. Rb8+ Kd7 38. Rb7+ Kd8 39. Kf3 Ra2 40.
Rb2 Rxb2 41. Bxb2 Kd7 42. Ke2 Kc6 43. f3 f5 44. e4 Kb5 45. Kd2 Bg5+ 46. Kc3
fxg4 47. fxg4 h5 48. Ba3 hxg4 49. hxg4 Bh4 50. Bf8 Be1+ 51. Kc2 Bf2 52. Bg7
1/2-1/2

[Event "SR 1. liga zapad 2013/2014"]
[Site "?"]
[Date "2014.03.23"]
[Round "63.3"]
[White "Vass, Frantisek"]
[Black "Hudoba, Ondrej"]
[Result "1-0"]
[WhiteElo "2283"]
[BlackElo "2155"]
[PlyCount "83"]
[EventDate "2013.??.??"]
[WhiteTeam "Lokomotiva Trnava"]
[BlackTeam "SK Levice"]

1. d4 d5 2. Nf3 Nf6 3. Bg5 Ne4 4. h4 h6 5. Bf4 c5 6. dxc5 Nc6 7. Nbd2 Qa5 8. c3
Qxc5 9. e3 Qb6 10. Nb3 e6 11. Bd3 Nc5 12. Bc2 g6 13. O-O Bg7 14. Bd6 Nxb3 15.
axb3 Nd4 16. Bb4 Nxc2 17. Qxc2 Bd7 18. e4 Rc8 19. Ba5 Qb5 20. Rfc1 dxe4 21.
Qxe4 Bc6 22. Qe3 O-O 23. Bb4 Rfd8 24. Rxa7 Rd3 25. Qf4 Bxf3 26. gxf3 f5 27. Ra5
Qd7 28. Rc5 Rxc5 29. Bxc5 Qd5 30. Be3 Qxb3 31. Qb8+ Kh7 32. Bd4 Qxb2 33. Re1
Rxd4 34. cxd4 Bxd4 35. Qc7+ Kh8 36. Qd8+ Kh7 37. Qe7+ Bg7 38. Rxe6 Qb1+ 39. Kg2
f4 40. Qf7 b5 41. h5 gxh5 42. Re4 1-0

[Event "SR 1. liga zapad 2013/2014"]
[Site "?"]
[Date "2014.03.23"]
[Round "63.4"]
[White "Chlpik, Martin"]
[Black "Lukac, Roman"]
[Result "1-0"]
[WhiteElo "2077"]
[BlackElo "2110"]
[PlyCount "59"]
[EventDate "2013.??.??"]
[WhiteTeam "SK Levice"]
[BlackTeam "Lokomotiva Trnava"]

1. e4 e5 2. f4 exf4 3. Nf3 g5 4. h4 g4 5. Ng5 d6 6. Bc4 Nh6 7. d4 Bg7 8. O-O
Nc6 9. c3 O-O 10. Bxf4 Ne7 11. Qb3 Qe8 12. Bg3 Rb8 13. a4 Bd7 14. Nd2 a6 15.
Rf2 b5 16. Bxf7+ Nxf7 17. Raf1 bxa4 18. Qa2 Rxb2 19. Qxb2 Nxg5 20. Rxf8+ Bxf8
21. hxg5 Ng6 22. e5 Bc6 23. Qa2+ Kg7 24. d5 Bb7 25. e6 Be7 26. Rf7+ Kh8 27. Ne4
Qb5 28. c4 Qb6+ 29. c5 Qb3 30. Qa1+ 1-0

[Event "SR 1. liga zapad 2013/2014"]
[Site "?"]
[Date "2014.03.23"]
[Round "63.5"]
[White "Szitkey, Milan"]
[Black "Bencik, Pavol"]
[Result "1-0"]
[WhiteElo "2149"]
[BlackElo "2023"]
[PlyCount "87"]
[EventDate "2013.??.??"]
[WhiteTeam "Lokomotiva Trnava"]
[BlackTeam "SK Levice"]

1. e4 e5 2. Nf3 Nc6 3. Bb5 a6 4. Ba4 b5 5. Bb3 Nf6 6. O-O Be7 7. Re1 d6 8. c3
Na5 9. Bc2 c5 10. d3 Qc7 11. Nbd2 O-O 12. Nf1 Re8 13. Ng3 h6 14. h3 Bf8 15. Nh2
g5 16. Nh5 Nxh5 17. Qxh5 Bg7 18. h4 gxh4 19. Bxh6 Re6 20. Bxg7 Kxg7 21. Qxh4
Rg6 22. Re3 Be6 23. Rg3 Rh8 24. Rxg6+ fxg6 25. Qg3 Qf7 26. Nf3 Qf6 27. d4 cxd4
28. cxd4 Rh5 29. d5 Bf7 30. Bd3 Nb7 31. b4 Bxd5 32. Rc1 Bf7 33. a4 d5 34. axb5
axb5 35. exd5 Bxd5 36. Rc7+ Kh6 37. Nh2 Rh4 38. Ng4+ Rxg4 39. Qxg4 e4 40. Qh3+
Kg5 41. Qg3+ Kh6 42. Bxb5 Nd6 43. Qe3+ Kh5 44. Be2+ 1-0

[Event "SR 1. liga zapad 2013/2014"]
[Site "?"]
[Date "2014.03.23"]
[Round "63.6"]
[White "Fabian, Jaroslav"]
[Black "Miklas, Marian"]
[Result "1/2-1/2"]
[WhiteElo "2185"]
[BlackElo "2102"]
[PlyCount "23"]
[EventDate "2013.??.??"]
[WhiteTeam "SK Levice"]
[BlackTeam "Lokomotiva Trnava"]

1. c4 g6 2. Nf3 Bg7 3. g3 c5 4. Bg2 Nc6 5. O-O e5 6. Nc3 Nge7 7. d3 O-O 8. Bd2
d6 9. Rb1 Rb8 10. a3 a5 11. Ne1 f5 12. f4 1/2-1/2

[Event "SR 1. liga zapad 2013/2014"]
[Site "?"]
[Date "2014.03.23"]
[Round "63.7"]
[White "Puskar, Peter"]
[Black "Nikel, Rastislav"]
[Result "1-0"]
[WhiteElo "2063"]
[BlackElo "2018"]
[PlyCount "43"]
[EventDate "2013.??.??"]
[WhiteTeam "Lokomotiva Trnava"]
[BlackTeam "SK Levice"]

1. d4 Nf6 2. c4 g6 3. Nc3 d5 4. cxd5 Nxd5 5. e4 Nxc3 6. bxc3 Bg7 7. Bc4 c5 8.
Ne2 O-O 9. O-O Nc6 10. Be3 cxd4 11. cxd4 Bg4 12. f3 Bd7 13. Rc1 Na5 14. Bd3 b5
15. Qd2 Nc4 16. Bxc4 bxc4 17. Rxc4 Bb5 18. Rb4 Rb8 19. Rfb1 Qa5 20. Nc3 Rfc8
21. Rxb5 Rxb5 22. Rxb5 1-0

[Event "SR 1. liga zapad 2013/2014"]
[Site "?"]
[Date "2014.03.23"]
[Round "63.8"]
[White "Lecky, Juraj"]
[Black "Puchart, Vladimir"]
[Result "1/2-1/2"]
[WhiteElo "1863"]
[BlackElo "2051"]
[PlyCount "35"]
[EventDate "2013.??.??"]
[WhiteTeam "SK Levice"]
[BlackTeam "Lokomotiva Trnava"]

1. e4 c5 2. Nf3 d6 3. d4 cxd4 4. Nxd4 Nf6 5. Nc3 a6 6. Bc4 e6 7. Bb3 Nc6 8. Be3
Na5 9. Qe2 Be7 10. O-O-O Qc7 11. g4 Nxb3+ 12. axb3 b5 13. g5 Nd7 14. Rhg1 Bb7
15. f3 Nc5 16. Kb1 b4 17. Na2 a5 18. Qb5+ 1/2-1/2